Handbook of green chemistry / (Record no. 2426)
[ view plain ]
| 000 -LEADER | |
|---|---|
| fixed length control field | 01607cam a22005177a 4500 |
| 008 - FIXED-LENGTH DATA ELEMENTS--GENERAL INFORMATION | |
| fixed length control field | 140203m20099999gw a b 001 0 eng d |
| 020 ## - INTERNATIONAL STANDARD BOOK NUMBER | |
| ISBN | 9783527314041 (12 vols.) |
| 020 ## - INTERNATIONAL STANDARD BOOK NUMBER | |
| ISBN | 3527314040 (12 vols) |
| 020 ## - INTERNATIONAL STANDARD BOOK NUMBER | |
| ISBN | 9783527324965 (v. 1) |
| 020 ## - INTERNATIONAL STANDARD BOOK NUMBER | |
| ISBN | 3527324968 (v. 1) |
| 020 ## - INTERNATIONAL STANDARD BOOK NUMBER | |
| ISBN | 9783527324972 (v. 2) |
| 020 ## - INTERNATIONAL STANDARD BOOK NUMBER | |
| ISBN | 3527324976 (v. 2) |
| 020 ## - INTERNATIONAL STANDARD BOOK NUMBER | |
| ISBN | 9783527324989 (v. 3) |
| 020 ## - INTERNATIONAL STANDARD BOOK NUMBER | |
| ISBN | 3527324984 (v. 3) |
| 020 ## - INTERNATIONAL STANDARD BOOK NUMBER | |
| ISBN | 9783527315772 (Set 1, 3 vols.) |
| 020 ## - INTERNATIONAL STANDARD BOOK NUMBER | |
| ISBN | 3527315772 (Set 1, 3 vols.) |
| 020 ## - INTERNATIONAL STANDARD BOOK NUMBER | |
| ISBN | 9783527325900 (v. 4) |
| 020 ## - INTERNATIONAL STANDARD BOOK NUMBER | |
| ISBN | 3527325905 (v. 4) |
| 020 ## - INTERNATIONAL STANDARD BOOK NUMBER | |
| ISBN | 9783527325917 (v. 5) |
| 020 ## - INTERNATIONAL STANDARD BOOK NUMBER | |
| ISBN | 3527325913 (v. 5) |
| 020 ## - INTERNATIONAL STANDARD BOOK NUMBER | |
| ISBN | 9783527325924 (v. 6) |
| 020 ## - INTERNATIONAL STANDARD BOOK NUMBER | |
| ISBN | 3527325921 (v. 6) |
| 020 ## - INTERNATIONAL STANDARD BOOK NUMBER | |
| ISBN | 9783527315741 (Set 2, 3 vols.) |
| 020 ## - INTERNATIONAL STANDARD BOOK NUMBER | |
| ISBN | 3527315748 (Set 2, 3 vols.) |
| 020 ## - INTERNATIONAL STANDARD BOOK NUMBER | |
| ISBN | 9783527326020 (v, 7) |
| 020 ## - INTERNATIONAL STANDARD BOOK NUMBER | |
| ISBN | 9783527326280 (v. 8) |
| 020 ## - INTERNATIONAL STANDARD BOOK NUMBER | |
| ISBN | 9783527326396 (v. 9) |
| 020 ## - INTERNATIONAL STANDARD BOOK NUMBER | |
| ISBN | 9783527315765 (Set 3, 3 vols.) |
| 245 00 - TITLE STATEMENT | |
| Title | Handbook of green chemistry / |
| Statement of responsibility, etc | [editor, Paul T. Anastas]. |
| 260 ## - PUBLICATION, DISTRIBUTION, ETC. (IMPRINT) | |
| Place of publication | Weinheim : |
| Name of publisher | Wiley-VCH, |
| Date of publication | 2009-<2012> |
| 300 ## - COLLATION | |
| Pagination | v. <1-9> : |
| Other physical details | ill. ; |
| 500 ## - GENERAL NOTE | |
| General note | Set titles from covers. |
| 650 #0 - TRACINGS | |
| Main Subject | Green chemistry. |
| 650 #0 - TRACINGS | |
| Main Subject | Catalysis. |
| 650 #7 - TRACINGS | |
| Main Subject | Catalysis. |
| 650 #7 - TRACINGS | |
| Main Subject | Environmental chemistry |
| Subdivision (2nd) | Industrial applications. |
| 650 07 - TRACINGS | |
| Main Subject | Grüne Chemie. |
| 650 07 - TRACINGS | |
| Main Subject | Umweltverträglichkeit. |
| 650 07 - TRACINGS | |
| Main Subject | Nachhaltigkeit. |
| 650 07 - TRACINGS | |
| Main Subject | Technische Chemie. |
| 650 07 - TRACINGS | |
| Main Subject | Ökologische Chemie. |
| 700 1# - ADDITIONAL AUTHOR | |
| Additional Author | Anastas, Paul T., |
| 700 1# - ADDITIONAL AUTHOR | |
| Additional Author | Crabtree, Robert H., |
| 942 ## - ADDED ENTRY ELEMENTS (KOHA) | |
| Item type | Books |
| 050 00 - LIBRARY OF CONGRESS CALL NUMBER | |
| Classification number | TP155.2.E58 |
| Item number | H35 2009 |
| Source of classification or shelving scheme | Not for loan | Permanent location | Current location | Date acquired | Accession No. | Full call number | Barcode. | Koha item type |
|---|---|---|---|---|---|---|---|---|
| Library of Congress Classification | Engineering Library | Engineering Library | 03/18/2025 | 2024/63813 | TP155.2.G74 | 2025-0691 | Books |